00541cam a2200169 a 4500020002300000041000800023082001600031245004700047260004400094300001700138490002900155650001700184700002200201942000700223952012400230999001700354 a1570752982 (paper) aENG00a291.82bCOW00aExperiencing scripture in world religions  aMaryknoll, N.Y. :bOrbis Books,cc2000. aix, 178 p. ;1 aFaith meets faith series 0aSacred books1 aCoward, Harold G. cBK 00104070aHMIbHMIcGENd2020-01-23eLutheran School of Theologyl0o291.82 COWp11004137r2026-01-16w2026-01-16yBK c22829d22829